000
00314nam a2200133Ia 4500
008
191201s2008 xx 000 0 und d
100
_a
INMON,William H
245
0
_a
Building the data warehouse
250
_a
4th ,Rep
260
_c
2008
_b
John Wiley
_a
N. delhi
300
_a
543
650
_a
CSE
942
_2
ddc
_c
BB
999
_c
7334
_d
7334